Теория вероятностей и математическая статистика: учебное пособие

التفاصيل البيبلوغرافية
المؤلف الرئيسي: Семенов В. А. Виктор Александрович
الملخص:Настоящее учебное пособие предназначено для студентов всех специальностей, обучающихся учебным дисциплинам «Математика» и «Высшая математика». Оно может быть также полезно преподавателям при подготовке и организации учебного процесса. Учебное пособие написано в соответствии с действующими федеральными государственными образовательными стандартами и содержит теоретический материал и задачи для изучения алгебры событий, теории вероятностей и математической статистики. Многочисленные примеры и задачи могут использоваться также и на практических занятиях. Рекомендовано УМО в области инновационных междисциплинарных общеобразовательных программ в качестве учебного пособия по направлению 010500 «Математическое обеспечение и администрирование информационных систем».
اللغة:الروسية
منشور في: Санкт-Петербург, Питер, 2013
سلاسل:Стандарт третьего поколения
Для бакалавров и специалистов
Учебное пособие
الموضوعات:
التنسيق: MixedMaterials كتاب
KOHA link:https://koha.lib.tpu.ru/cgi-bin/koha/opac-detail.pl?biblionumber=231905

MARC

LEADER 00000nam0a2200000 4500
001 231905
005 20231101231126.0
010 |a 9785496001205 
035 |a (RuTPU)RU\TPU\book\252934 
090 |a 231905 
100 |a 20130207d2013 m y0rusy50 ca 
101 0 |a rus 
102 |a RU 
105 |a a j 001zy 
200 1 |a Теория вероятностей и математическая статистика  |e учебное пособие  |f В. А. Семенов 
210 |a Санкт-Петербург  |c Питер  |d 2013 
215 |a 192 с.  |c ил. 
225 1 |a Стандарт третьего поколения 
225 1 |a Для бакалавров и специалистов 
225 1 |a Учебное пособие 
320 |a Библиогр.: с. 164-165. 
330 |a Настоящее учебное пособие предназначено для студентов всех специальностей, обучающихся учебным дисциплинам «Математика» и «Высшая математика». Оно может быть также полезно преподавателям при подготовке и организации учебного процесса. Учебное пособие написано в соответствии с действующими федеральными государственными образовательными стандартами и содержит теоретический материал и задачи для изучения алгебры событий, теории вероятностей и математической статистики. Многочисленные примеры и задачи могут использоваться также и на практических занятиях. Рекомендовано УМО в области инновационных междисциплинарных общеобразовательных программ в качестве учебного пособия по направлению 010500 «Математическое обеспечение и администрирование информационных систем». 
606 1 |a Вероятностей теория и математическая статистика  |2 stltpush  |3 (RuTPU)RU\TPU\subj\2260  |9 30847 
610 1 |a случайные события 
610 1 |a случайные величины 
610 1 |a вероятность 
610 1 |a выборочный метод 
610 1 |a распределения 
610 1 |a критерии согласия 
610 1 |a регрессионный анализ 
610 1 |a корреляционный анализ 
610 1 |a учебные пособия 
675 |a 519.2(075.8)  |v 3 
700 1 |a Семенов  |b В. А.  |g Виктор Александрович 
801 1 |a RU  |b 63413507  |c 20130207 
801 2 |a RU  |b 63413507  |c 20150507  |g RCR 
900 |a Теория вероятностей и математическая статистика 
900 |a Математика 
900 |a Высшая математика 
942 |c BK 
951 |b 010500 
955 |l 8 
959 |a 23/20130207  |d 2  |e 377,00  |f ЧЗТЛ:1  |f АНЛ:1